000 01058nam1a22002411 4500
001 rc\2961625
005 20110902234459.1
035 _a(NLR Aleph) 007108276
090 _a6741310
_c6741310
100 _a20110902d1939 |||y0rusy50 ca
101 0 _arus
102 _aRU
105 _ay z |||||
200 1 _aПравила технической эксплоатации электрического хозяйства шахт треста "Челябуголь"
_fРазраб. и сист. ... Плющовым, П.Г.
_gНКТП-СССР. Главуголь Трест "Челябуголь" Упр. электрич. хозяйством шахт трест а "Челябуголь" "Энергоуправление"
210 _aЧелябинск
_cЭнергоупр. треста "Челябуголь"
_d1939
215 _d20 см
702 1 _aПлющов
_bП. Г.
_4340
710 0 2 _a"Челябуголь", трест
801 0 _aRU
_bNLR
_gpsbo
801 1 _aRU
_bELAR
_2rusmarc
852 _aNLR
_j39-17/320(1)
942 _cBOOK
980 _aNB